| 000 | 00432nam a2200169Ia 4500 | ||
|---|---|---|---|
| 008 | 230711s9999||||xx |||||||||||||| ||und|| | ||
| 020 | _a978-0-07-053246-5 | ||
| 041 | _aENG | ||
| 082 |
_a4 _bSC-C |
||
| 100 | _aSchildt,Herbert | ||
| 245 | 0 | _aC++ : The Complete Reference | |
| 250 | _a4th . Ed. | ||
| 260 |
_c2012 _aNew Delhi _bTata McGraw Hill Education Limited |
||
| 300 | _a1021 | ||
| 650 | _aComputer Engineering | ||
| 942 | _cBK | ||
| 999 |
_c5635 _d5635 |
||